| 000 | 01057nam a2200301Ia 4500 | ||
|---|---|---|---|
| 003 | OSt | ||
| 005 | 20220912145322.0 | ||
| 006 | a|||||r|||| 00| 0 | ||
| 007 | ta | ||
| 008 | 220909b |||||||| |||| 00| 0 eng d | ||
| 020 | _a9783540737223 (hbd) | ||
| 024 | _a81070 | ||
| 037 | _b28, 17/06/2008, Ashutosh Technical Books | ||
| 037 | _cTextbook | ||
| 040 |
_aCSL _beng _cCSL |
||
| 041 | _aeng | ||
| 082 | _aD65,8(B):(S:72), P8 TD | ||
| 100 | _aBustince H | ||
| 245 | 0 | _aFuzzy sets and their extensions: representation, aggregation and models: intelligent systems from decision making to data mining, web intelligence and computer vision | |
| 260 |
_aBerlin _bSpringer-Verlag _c2008 |
||
| 300 |
_axx, 674p. _ccm. |
||
| 490 | _aStudies in fuzziness and soft computing; 220 | ||
| 500 | _aIncludes bibliographical references. | ||
| 650 | _a Fuzzy sets | ||
| 650 | _aComputer Science | ||
| 942 |
_hD65,8(B):(S:72), P8 TD _cTB _2CC |
||
| 999 |
_c28853 _d28853 |
||